[Event "Cologne Longerich op 09th"]
[Site "Cologne"]
[Date "2012.08.05"]
[Round "4"]
[White "Freundlieb, Thomas"]
[Black "Begri, Felix"]
[Result "1-0"]
[WhiteElo "2055"]
[BlackElo "1775"]
[PlyCount "89"]
[EventDate "2012.08.03"]
[EventType "tourn"]
[EventRounds "5"]
[EventCountry "GER"]
[SourceTitle "EXT 2017"]
[Source "ChessBase"]
[SourceDate "2016.10.25"]
[SourceVersion "1"]
[SourceVersionDate "2016.10.25"]
[SourceQuality "1"]

1. d4 Nf6 2. Nf3 e6 3. e3 b6 4. Bd3 Bb7 5. Nbd2 c5 6. b3 Nc6 7. Bb2 Be7 8. 0-0 0-0 9. a3 Qc7 10. c4 cxd4 11. exd4 d5 12. Rc1 Qf4 13. Qe2 Rfd8 14. Qe3 Qxe3 15. fxe3 Rac8 16. c5 bxc5 17. dxc5 e5 18. Bf5 Rc7 19. b4 Ba6 20. Rfe1 g6 21. Bh3 e4 22. Ne5 Bc8 23. Bxc8 Rdxc8 24. Nxc6 Rxc6 25. Nb3 a6 26. Rcd1 Rd8 27. h3 Nh5 28. g4 Ng7 29. Bxg7 Kxg7 30. Nd4 Rcc8 31. Re2 a5 32. Rc2 axb4 33. axb4 Bg5 34. Kf2 Ra8 35. c6 Ra3 36. b5 Bxe3+ 37. Kg2 Bxd4 38. Rxd4 e3 39. c7 Rc8 40. Rxd5 e2 41. Kf2 Rxh3 42. Rd8 Rh2+ 43. Ke1 Rh1+ 44. Kxe2 Rh2+ 45. Kd3 1-0

[Event "Cologne Longerich op 09th"]
[Site "Cologne"]
[Date "2012.08.04"]
[Round "2"]
[White "Freundlieb, Thomas"]
[Black "Hack, Thomas1"]
[Result "1/2-1/2"]
[WhiteElo "2055"]
[BlackElo "1942"]
[PlyCount "54"]
[EventDate "2012.08.03"]
[EventType "tourn"]
[EventRounds "5"]
[EventCountry "GER"]
[SourceTitle "EXT 2017"]
[Source "ChessBase"]
[SourceDate "2016.10.25"]
[SourceVersion "1"]
[SourceVersionDate "2016.10.25"]
[SourceQuality "1"]

1. d4 Nf6 2. Nf3 e6 3. e3 b6 4. Bd3 Bb7 5. Nbd2 d5 6. Ne5 g6 7. f4 Bg7 8. Qf3 0-0 9. 0-0 c5 10. c3 Ba6 11. Bxa6 Nxa6 12. g4 Nc7 13. Rf2 Nd7 14. Nxd7 Qxd7 15. Nf1 Ne8 16. Ng3 Nd6 17. Bd2 Rac8 18. Raf1 f5 19. g5 Qa4 20. a3 Qb3 21. Bc1 a5 22. h4 Rc7 23. h5 Rfc8 24. Ne2 c4 25. Ng3 Ne4 26. Rh2 Nxg3 27. Qxg3 Kf7 1/2-1/2

[Event "Cologne Longerich op 09th"]
[Site "Cologne"]
[Date "2012.08.03"]
[Round "1"]
[White "Fluechter, Gregor"]
[Black "Freundlieb, Thomas"]
[Result "1/2-1/2"]
[WhiteElo "1934"]
[BlackElo "2055"]
[PlyCount "141"]
[EventDate "2012.08.03"]
[EventType "tourn"]
[EventRounds "5"]
[EventCountry "GER"]
[SourceTitle "EXT 2017"]
[Source "ChessBase"]
[SourceDate "2016.10.25"]
[SourceVersion "1"]
[SourceVersionDate "2016.10.25"]
[SourceQuality "1"]

1. e4 d6 2. d4 Nf6 3. Nc3 e5 4. dxe5 dxe5 5. Qxd8+ Kxd8 6. Nf3 Bd6 7. Bg5 Be6 8. 0-0-0 Kc8 9. Bd3 Nbd7 10. a3 a6 11. Ne2 h6 12. Bh4 b5 13. Bg3 Nh5 14. Nd2 Nxg3 15. hxg3 Nb6 16. f4 f6 17. Nf3 Rd8 18. fxe5 fxe5 19. Nh4 c5 20. Ng1 b4 21. axb4 cxb4 22. Ngf3 a5 23. Ng6 a4 24. Ngxe5 a3 25. b3 Kb7 26. Kb1 Rac8 27. Ng6 Bc5 28. Nf4 Bg8 29. e5 g5 30. Be4+ Kc7 31. Nd3 Bf8 32. Nf2 Nd5 33. Bxd5 Bxd5 34. Rd3 Bg8 35. Nd4 Bg7 36. Re1 Rd5 37. Nf3 Re8 38. Rxd5 Bxd5 39. Nd3 Bf8 40. Re2 Be7 41. Nd4 Rf8 42. Re1 Kd7 43. g4 Be6 44. Nxe6 Kxe6 45. Rh1 Rh8 46. Rh3 Rh7 47. Rh1 Bf8 48. Re1 Kd5 49. Rf1 Be7 50. Rf3 Ke6 51. Re3 Kd5 52. Rf3 Rh8 53. Rf7 Ke6 54. Rg7 h5 55. gxh5 Rxh5 56. Rg6+ Kf5 57. Rg7 Rh1+ 58. Ka2 Ke6 59. Rg6+ Kf7 60. Rb6 Rh2 61. Nxb4 Rxg2 62. Kxa3 Rg4 63. c3 Re4 64. Kb2 Re2+ 65. Kc1 Rxe5 66. Kd1 g4 67. Rh6 g3 68. Nc6 Rg5 69. Rh1 g2 70. Rg1 Bc5 71. Nd4 1/2-1/2

[Event "Rheinland Pfalz op 4th"]
[Site "Altenkirchen"]
[Date "2012.06.08"]
[Round "4"]
[White "Freundlieb, Thomas"]
[Black "Bigott, Martin"]
[Result "1-0"]
[WhiteElo "2122"]
[BlackElo "1882"]
[PlyCount "81"]
[EventDate "2012.06.07"]
[EventType "swiss"]
[EventRounds "7"]
[EventCountry "GER"]
[SourceTitle "CBM 148 Extra"]
[Source "ChessBase"]
[SourceDate "2012.06.22"]
[SourceVersion "1"]
[SourceVersionDate "2012.06.22"]
[SourceQuality "1"]

1. d4 Nf6 2. Nf3 d5 3. e3 e6 4. Bd3 Bd6 5. b3 b6 6. Bb2 Bb7 7. 0-0 0-0 8. Ne5 Nbd7 9. Nd2 Ne4 10. f3 Nxd2 11. Qxd2 f6 12. Nxd7 Qxd7 13. e4 c5 14. e5 fxe5 15. dxe5 Bc7 16. Qg5 Qf7 17. Rae1 a5 18. Qh4 h6 19. Qg4 h5 20. Qg3 Ba6 21. c4 dxc4 22. bxc4 Rad8 23. f4 Rxd3 24. Qxd3 Rd8 25. Qe4 Rb8 26. Rd1 Bb7 27. Qc2 g6 28. Rf2 Bc6 29. Bc1 Qe8 30. Rdf1 Rd8 31. Be3 Ba4 32. Qb1 Bc6 33. Rd2 Rb8 34. Rfd1 Ba4 35. Re1 Bc6 36. h3 Kf7 37. Rf1 Qh8 38. Qd1 Qe8 39. g4 hxg4 40. hxg4 Rd8 41. Rff2 1-0

[Event "Wiesbaden op 23rd"]
[Site "Wiesbaden"]
[Date "2011.08.27"]
[Round "4"]
[White "Malek, Daniel"]
[Black "Freundlieb, Thomas"]
[Result "0-1"]
[WhiteElo "2341"]
[BlackElo "2095"]
[PlyCount "60"]
[EventDate "2011.08.25"]
[EventType "swiss"]
[EventRounds "7"]
[EventCountry "GER"]
[SourceTitle "CBM 144 Extra"]
[Source "ChessBase"]
[SourceDate "2011.10.28"]
[SourceVersion "1"]
[SourceVersionDate "2011.10.28"]
[SourceQuality "1"]

1. d4 d6 2. Nf3 g6 3. c4 Bg7 4. Nc3 Bg4 5. e3 c5 6. Be2 cxd4 7. exd4 Nh6 8. 0-0 0-0 9. h3 Bxf3 10. Bxf3 Nc6 11. d5 Ne5 12. Be2 Nf5 13. Kh1 Rc8 14. g4 Nh6 15. b3 e6 16. Kg2 Qh4 17. Be3 f5 18. Qc1 fxg4 19. Rh1 Nf3 20. dxe6 Nf5 21. Bxa7 N5d4 22. hxg4 Qxg4+ 23. Kf1 Qxe6 24. Bd3 Rce8 25. Qd1 Ng5 26. Bxg6 Rxf2+ 27. Kxf2 Rf8+ 28. Kg2 Qxg6 29. Qh5 Qc2+ 30. Ne2 Qe4+ 0-1

[Event "Cologne Longerich op 8th"]
[Site "Cologne"]
[Date "2011.08.12"]
[Round "1"]
[White "Freundlieb, Thomas"]
[Black "Zilberman, Rodion"]
[Result "1-0"]
[WhiteElo "2016"]
[BlackElo "1868"]
[PlyCount "69"]
[EventDate "2011.08.12"]
[EventType "swiss"]
[EventRounds "5"]
[EventCountry "GER"]
[SourceTitle "CBM 144 Extra"]
[Source "ChessBase"]
[SourceDate "2011.10.28"]
[SourceVersion "1"]
[SourceVersionDate "2011.10.28"]
[SourceQuality "1"]

1. d4 g6 2. Nf3 Bg7 3. e4 d6 4. Nc3 Nf6 5. Be3 c6 6. Qd2 Ng4 7. Bg5 f6 8. Bh4 Nh6 9. h3 Nf7 10. Bc4 e6 11. Rd1 Bh6 12. Qe2 g5 13. Bg3 Qe7 14. 0-0 Na6 15. Rfe1 b5 16. Nxb5 cxb5 17. Bxb5+ Bd7 18. Bxd7+ Qxd7 19. Qxa6 0-0 20. e5 fxe5 21. dxe5 d5 22. c4 Rab8 23. cxd5 Rb6 24. Qe2 Qa4 25. b3 Qa5 26. dxe6 Rxe6 27. Nd4 Ra6 28. e6 Nh8 29. e7 Re8 30. Qb5 Kf7 31. Qc4+ Kg6 32. Bc7 Qa3 33. Re6+ Rxe6 34. Qxe6+ Kh5 35. g4+ 1-0